Carpal Bones (SVG) - Statistics

General Stats
  • This quiz has been taken 91 times
  • The average score is 6 of 8
Answers on the Map
Answers color-coded by a green-red scale on the quiz's map according to % correct below.
 
Answer Stats
Answer % Correct
Pisiform
81%
Trapezoid
81%
Hamate
74%
Scaphoid
74%
Trapezium
74%
Lunate
71%
Capitate
68%
Triquetrum
61%
No matching quizzes found
Score Distribution
Percent of People with Each Score
Percentile by Number Answered
Your Score History
You have not taken this quiz